000 00735nam a2200289Ia 4500
005 20260324113345.0
008 008 260324s9999 xx 000 0 eng d
020 _a9781003480358
037 _aEBOOK
040 _aCRL
040 _beng
040 _cCRL
041 _2eng
041 _aeng
084 _qCRL
100 _aChrister Mattsson; Thomas Johansson; Jesper Andreasson
_91146452
245 0 _aCountering Right Wing Extremism in Education
245 0 _bSchooling in the Racist Badland
260 _bTaylor and Francis
260 _c2024
365 _a
365 _b230
856 _uhttp://www.taylorfrancis.com/books/9781003480358
942 _cEBOOK
999 _c1736057
_d1736057